| 000 | 01343cam a22003014a 4500 | ||
|---|---|---|---|
| 999 |
_c130523 _d130523 |
||
| 001 | 16761571 | ||
| 003 | ARRUPE | ||
| 005 | 20201020142725.0 | ||
| 008 | 110504s2011 nyu b 001 0 eng | ||
| 010 | _a 2011017951 | ||
| 016 | 7 |
_a015885216 _2Uk |
|
| 020 | _a9788188821877 | ||
| 035 | _a(OCoLC)ocn712115287 | ||
| 040 |
_aDLC _cDLC _dYDX _dBTCTA _dKAT _dUKMGB _dMNJ _dYDXCP _dBWX _dDLC |
||
| 042 | _apcc | ||
| 050 | 0 | 0 |
_aBX1390 _b.R58 2011 |
| 082 | 0 | 0 |
_a282.09/051 _223 |
| 100 | 1 |
_aRoberts, Tom _c(Editor-at-large) _949944 |
|
| 245 | 1 | 4 |
_aThe emerging Catholic Church : _ba community's search for itself / _cTom Roberts. |
| 260 |
_aMaryknoll, NY : _bOrbis Books, _cc2011. |
||
| 300 |
_axx, 204 p. ; _c21 cm. |
||
| 504 | _aIncludes bibliographical references and index. | ||
| 505 | 0 | _aTrue truths -- The shrinking, expanding, changing church -- The sex abuse crisis begins -- Into the depths of the crisis -- A problem of clerical culture -- Travels on the margins -- Of rummage sales and the new cosmology -- In search of authentic authority -- Amid the tensions -- Where from here? -- Final thoughts. | |
| 610 | 2 | 0 |
_aCatholic Church _xHistory _y21st century. _911718 |
| 906 |
_a7 _bcbc _corignew _d1 _eecip _f20 _gy-gencatlg |
||
| 942 |
_2lcc _cMONOGRAPH |
||